Statistics for Most Common First Names in the United States - I

Click here to take the quiz!

General Stats

  • This quiz has been taken 236 times
  • The average score is 9 of 20

Answer Stats

Hint Answer % Correct
313Isabel
83%
562Iva
76%
263Ian
76%
272Ivan
73%
277Isaac
63%
76Irene
62%
183Ida
56%
325Iris
51%
611Isabelle
44%
351Ira
43%
255Irma
35%
556Ina
35%
561Ingrid
31%
635Isaiah
30%
473Irvin
29%
399Israel
25%
328Inez
21%
407Irving
19%
429Ismael
13%
439Ignacio
10%

Score Distribution

Percentile by Number Answered

Percent of People with Each Score

Your Score History

You have not taken this quiz